000 01483nam0a22003011 4500
001 v19\rc\1686412
005 20061002151852.8
035 _a(NLR Aleph) 004791192
090 _a4730995
_c4730995
100 _a20061002e18961896|||y0rusy50 ca
101 0 _arus
102 _aRU
105 _aa z |||||
200 1 _aИкс-лучи Röntgen'а и область их применения к медицине
_f[Соч.] Г.Г. де-Метца, проф. физики Ун-та св. Владимира
210 _aСанкт-Петербург
_cК.Л. Риккер
_d1896
215 _a8 с.
_cил.
_d23
309 _aБез тит. л.
311 _aОтт. из журн. "Рус. архив патологии, клин. медицины и бактериологии", изд. под ред. проф. В.В. Подвысоцкого. 1896, т. 1, вып. 2
320 _aБиблиогр. в примеч.
488 0 _12001#$aРусский архив патологии, клинической медицины и бактериологии, изд. под редакцией профессора В.В. Подвысоцкого$v1896, т. 1, вып. 2
_1702#1$aПодвысоцкий$bВ.В.$4340
700 1 _aМетц
_bГ. Г.
_f1861-
_gГеоргий Георгиевич
801 0 _aRU
_bNLR
_gpsbo
801 0 _aRU
_bRuMoRGB
_2psbo
801 1 _aRU
_bProSoft-M
_2rusmarc
852 _aNLR
_j20.95.2.176
899 _aRuMoRGB
_jV 115/2284
942 _cBOOK
980 _aNB